Grösste Gemeinden im Kanton Aargau - Statistiken

Allgemein
  • Dieses Quiz wurde 86 mal gespielt
  • Das Durchschnittsergebnis liegt bei 8 aus 10
Antwortstatistiken
Einwohnerzahl Gemeinde % Korrekt
21'191 Aarau
100%
19'168 Baden
97%
20'717 Wettingen
89%
11'092 Brugg
84%
16'004 Wohlen
76%
11'543 Zofingen
73%
13'360 Rheinfelden
71%
11'795 Spreitenbach
71%
11'006 Möhlin
50%
13'599 Oftringen
50%
Keine übereinstimmenden Quizze gefunden
Verteilung der Resultate
Anzahl Personen mit jedem Resultat
Perzentil nach korrekt beantworteten Fragen
Ihre Resultats-Entwicklung
Sie haben dieses Quiz noch nicht gespielt